Gestión Ambiental (Registro nro. 7487)
[ vista simple ]
| 000 -CABECERA | |
|---|---|
| Campo de control | 00605nam a22002057a 4500 |
| 005 - FECHA Y HORA DE LA ULTIMA TRANSACCION | |
| Campo de control | 20150727122545.0 |
| 008 - ELEMENTOS DE LONGITUD FIJA—INFORMACION GENERAL | |
| Campo de control | 130730b2010 ck ||||| |||| 00| 0 spa d |
| 040 ## - FUENTE DE CATALOGACIÓN | |
| Agencia catalogadora original | CO-BoIAVH |
| Agencia transcriptora | CO-BoIAVH |
| 041 ## - IDIOMA | |
| Código de idioma para texto/pista de sonido o título separado | Español |
| 044 ## - PAÍS DE PUBLICACIÓN | |
| País de publicación | Colombia |
| 090 ## - CLASIFICACIÓN LOCAL | |
| Colección | EA-00299 |
| 110 ## - ASIENTO PRINCIPAL--NOMBRE CORPORATIVO | |
| Nombre corporativo o de jurisdicción como elemento de entrada | ECOPETROL |
| Unidad subordinad | Coordinación General |
| 245 10 - MENCION DE TITULO | |
| Título | Gestión Ambiental |
| 246 ## - FORMA VARIANTE DEL TITULO | |
| Título propiamente dicho/forma breve del título | Estrategia de Gestión Ambiental |
| 260 ## - PUBLICACION, DISTRIBUCION, ETC. (PIE DE IMPRENTA) | |
| Lugar de publicación, distribución, etc. | Bogotá |
| Nombre del editor, distribuidor, etc. | ECOPETROL |
| Fecha de publicación, distribución, etc. | 2010 |
| 300 ## - DESCRIPCION FISICA | |
| Extensión | 30 p. |
| Otros detalles físicos | il., tablas |
| Dimensiones | 28 cm. |
| 650 ## - ASIENTO SECUNDARIO DE MATERIA - TERMINO TEMATICO | |
| Término temático o nombre geográfico como elemento de entrada | Gestiíon Ambiental |
| Subdivisión geográfica | Colombia |
| 650 ## - ASIENTO SECUNDARIO DE MATERIA - TERMINO TEMATICO | |
| Término temático o nombre geográfico como elemento de entrada | Estrategias de gestión ambiental |
| Subdivisión geográfica | Colombia |
| 942 ## - ELEMENTOS ADICIONALES (KOHA) | |
| Sistema de clasificación | Local |
| Tipo de ítem | Libro |
| Withdrawn status | Lost status | Sistema de Clasificación | Damaged status | No para préstamo | Colección | Inventariado | Ubicación Permanente | Ubicación actual | Fecha de adquisición | Fuente de Valor | Total Checkouts | Número topográfico | Inventario / Código de Barras | Date last seen | Ejemplar | Price effective from | Forma de adquisición | Tipo de material |
|---|---|---|---|---|---|---|---|---|---|---|---|---|---|---|---|---|---|---|
| Local | Educación Ambiental | Inventariado 2017 | Sala Fabio Quevedo | Sala Fabio Quevedo | 30/07/2013 | Donacion | EA-00299 | 028360 | 30/07/2013 | Ej. 1 | 30/07/2013 | Folleto |